Normal view
MARC view
- Nutrition disorders - Diet therapy
Entry Topical Term
001 - CONTROL NUMBER
- control field: 133644
003 - CONTROL NUMBER IDENTIFIER
- control field: NUST
005 - DATE AND TIME OF LATEST TRANSACTION
- control field: 20260311140620.0
008 - FIXED-LENGTH DATA ELEMENTS
- fixed length control field: 260311|| aca||aabn | a|a d
040 ## - CATALOGING SOURCE
- Original cataloging agency: NUST
- Transcribing agency: NUST
150 ## - HEADING--TOPICAL TERM
- Topical term or geographic name entry element: Nutrition disorders - Diet therapy
670 ## - SOURCE DATA FOUND
- Source citation: Work cat.: (NUST)614531: Escott-Stump, Sylvia, author. 111913, Nutrition & diagnosis related care /
